000 00689nam a2200265Ia 4500
005 20260121171728.0
008 008 260114s9999 xx 000 0 eng d
020 _a9783030340988
037 _aEBOOK
040 _aCRL
040 _beng
040 _cCRL
041 _2eng
041 _aeng
084 _qCRL
100 _aVolker Kaul, Ananya Vajpeyi
_91079768
245 0 _aMinorities and Populism – Critical Perspectives from South Asia and Europe
260 _bSpringer
260 _bSpringer
260 _c2020
856 _uhttps://link.springer.com/openurl?genre=book&isbn=978-3-030-34098-8
942 _cEBOOK
999 _c1645500
_d1645500